LEADER 01916oam 2200457M 450 001 9910716242603321 005 20200213070516.1 035 $a(CKB)5470000002519700 035 $a(OCoLC)1065795426 035 $a(OCoLC)995470000002519700 035 $a(EXLCZ)995470000002519700 100 $a20071213d1926 ua 0 101 0 $aeng 135 $aurcn||||||||| 181 $ctxt$2rdacontent 182 $cc$2rdamedia 183 $acr$2rdacarrier 200 10$aAuthorizing the Secretary of the Interior to sell certain public land in the State of Kansas to Roland M. Bennett. March 20 (calendar day, March 22), 1926. -- Ordered to be printed 210 1$a[Washington, D.C.] :$c[U.S. Government Printing Office],$d1926. 215 $a1 online resource (3 pages) 225 1 $aSenate report / 69th Congress, 1st session. Senate ;$vno. 430 225 1 $a[United States congressional serial set ] ;$v[serial no. 8527] 300 $aBatch processed record: Metadata reviewed, not verified. Some fields updated by batch processes. 300 $aFDLP item number not assigned. 517 $aAuthorizing the Secretary of the Interior to sell certain public land in the State of Kansas to Roland M. Bennett. March 20 606 $aLand tenure 606 $aLegislative amendments 606 $aPublic land sales 608 $aLegislative materials.$2lcgft 615 0$aLand tenure. 615 0$aLegislative amendments. 615 0$aPublic land sales. 701 $aKendrick$b John B$g(John Benjamin),$f1857-1933$pDemocrat (WY)$01388443 801 0$bWYU 801 1$bWYU 801 2$bOCLCO 801 2$bOCLCQ 906 $aBOOK 912 $a9910716242603321 996 $aAuthorizing the Secretary of the Interior to sell certain public land in the State of Kansas to Roland M. Bennett. March 20 (calendar day, March 22), 1926. -- Ordered to be printed$93539873 997 $aUNINA LEADER 01860oas 22007093 450 001 9910338753403321 005 20260218112143.0 035 $a(DE-599)ZDB2581042-X 035 $a(OCoLC)733024882 035 $a(CONSER) 2019202388 035 $a(CKB)110978978557825 035 $a(DE-599)2581042-X 035 $a(EXLCZ)99110978978557825 100 $a20110626a19849999 uy a 101 0 $aeng 135 $aurbn||||||abp 135 $aurbn||||||ada 181 $ctxt$2rdacontent 182 $cc$2rdamedia 183 $acr$2rdacarrier 200 00$aJournal of protective coatings & linings 210 1$a[Pittsburgh, PA] :$c[Technology Publishing Company],$d[©1984]- 300 $aRefereed/Peer-reviewed 300 $aIssues for have the title: Journal of protective coatings & linings : JPCL. 311 08$a8755-1985 517 1 $aJournal of protective coatings and linings 517 1 $aJPCL 606 $aProtective coatings$vPeriodicals 606 $aProtective coatings$2fast$3(OCoLC)fst01079644 608 $aPeriodicals.$2fast 615 0$aProtective coatings 615 7$aProtective coatings. 676 $a667.6 676 $a667/.9/05 712 02$aSteel Structures Painting Council 801 0$bOCLCE 801 1$bOCLCE 801 2$bOCLCQ 801 2$bOCLCF 801 2$bOCLCO 801 2$bOCLCQ 801 2$bOCLCS 801 2$bOCLCQ 801 2$bUAB 801 2$bZ5A 801 2$bLND 801 2$bVT2 801 2$bOCLCQ 801 2$bU3W 801 2$bAU@ 801 2$bWYU 801 2$bOCLCQ 801 2$bDLC 801 2$bOCLCQ 801 2$bTOH 801 2$bOCLCQ 801 2$bOCLCL 801 2$bOCLCQ 906 $aJOURNAL 912 $a9910338753403321 996 $aJournal of protective coatings & linings$92393057 997 $aUNINA